<?xml version="1.0" encoding="UTF-8"?>
<collection xmlns="http://www.loc.gov/MARC21/slim">
  <record>
    <leader>00000nam  2200000   4500</leader>
    <controlfield tag="001">INLIS000000000008949</controlfield>
    <controlfield tag="005">20200708092030</controlfield>
    <datafield tag="035" ind1="#" ind2="#">
      <subfield code="a">0010-0720000040</subfield>
    </datafield>
    <controlfield tag="007">ta</controlfield>
    <controlfield tag="008">200708################g##########0#ind##</controlfield>
    <datafield tag="082" ind1="#" ind2="#">
      <subfield code="a">315.9834</subfield>
    </datafield>
    <datafield tag="084" ind1="#" ind2="#">
      <subfield code="a">315.9834 Kal k</subfield>
    </datafield>
    <datafield tag="100" ind1=" " ind2="#">
      <subfield code="a">BPS Propinsi Kalimantan Selatan</subfield>
    </datafield>
    <datafield tag="245" ind1="1" ind2="#">
      <subfield code="a">Kalimantan Selatan dalam Angka (Kalimantan Selatan in Figure) 2005/2006 /</subfield>
      <subfield code="c">BPS Propinsi Kalimantan Selatan</subfield>
    </datafield>
    <datafield tag="260" ind1="#" ind2="#">
      <subfield code="a">Banjarmasin-Kalimantan Selatan :</subfield>
      <subfield code="b">BPS Prop. Kalimantan Selatan,</subfield>
      <subfield code="c">2006</subfield>
    </datafield>
    <datafield tag="300" ind1="#" ind2="#">
      <subfield code="a">xliii,463 hal. :</subfield>
      <subfield code="b">ilus ;</subfield>
      <subfield code="c">21 cm</subfield>
    </datafield>
    <datafield tag="650" ind1="#" ind2="#">
      <subfield code="a">Statistik daerah</subfield>
    </datafield>
    <datafield tag="520" ind1="#" ind2="#">
      <subfield code="a">Publikasi tahunan  Kalimantan Selatan Dalam Angka merupakan hasil kerjasama Badan Pusat Statistik Propinsi Kalimantan Selatan dengan BAPPEDA Propinsi Kalimantan Selatan  yang menyajikan data posisi Kalimantan Selatan secara komprehensif dari berbagai bidang seperti: Geografi dan Iklim, Pemerintahan Penduduk dan Angkatan Kerja, Sosial, Pertanian, Perindustrian, Perdagangan, Perhubungan, Pos dan Telekomunikasi, Pariwisata, Keuangan dan Harga-harga, dan Pendapatan Regional.</subfield>
    </datafield>
    <datafield tag="856" ind1="#" ind2="#">
      <subfield code="a">Perpustakaan Lembaga Administrasi Negara</subfield>
    </datafield>
    <datafield tag="990" ind1="#" ind2="#">
      <subfield code="a">131216292</subfield>
    </datafield>
  </record>
</collection>
